Catálogo
 En Linea

José Tombé : (Registro nro. 22793)

Detalles MARC
000 -CABECERA
campo de control de longitud fija 00675nam a2200193 u 4500
001 - NÚMERO DE CONTROL
campo de control 000023296
005 - FECHA Y HORA DE LA ÚLTIMA TRANSACCIÓN
campo de control 20200930022123.0
008 - DATOS DE LONGITUD FIJA--INFORMACIÓN GENERAL
campo de control de longitud fija 101201s1973 ck r 000 j spa d
040 ## - FUENTE DE LA CATALOGACIÓN
Centro catalogador/agencia de origen DO-SdBNP
Lengua de catalogación spa
Centro/agencia transcriptor BNPHU
082 ## - NÚMERO DE LA CLASIFICACIÓN DECIMAL DEWEY
Número de clasificación xxx
Número de documento/Ítem C355j
049 ## - FONDOS LOCALES (OCLC)
Fondos de biblioteca BNGR
100 1# - ENTRADA PRINCIPAL--NOMBRE DE PERSONA
Nombre de persona Castrillón Arboleda, Diego
9 (RLIN) 47974
245 10 - MENCIÓN DE TÍTULO
Título José Tombé :
Resto del título novela /
Mención de responsabilidad, etc. Diego Castrillón Arboleda; prólogo Guillermo Valencia.
260 ## - PUBLICACIÓN, DISTRIBUCIÓN, ETC.
Lugar de publicación, distribución, etc. Bogotá :
Nombre del editor, distribuidor, etc. Instituto Colombiano de Cultura,
Fecha de publicación, distribución, etc. 1973.
300 ## - DESCRIPCIÓN FÍSICA
Extensión 191 p. ;
Dimensiones 17 cm.
490 #0 - MENCIÓN DE SERIE
Mención de serie Biblioteca Colombiana de Cultura. Popular;
Designación de volumen o secuencia 119
700 1# - PUNTO DE ACCESO ADICIONAL--NOMBRE DE PERSONA
Nombre de persona Valencia, Guillermo
Término indicativo de función/relación pról.
9 (RLIN) 47975
830 #0 - PUNTO DE ACCESO ADICIONAL DE SERIE-TÍTULO UNIFORME
Título uniforme Biblioteca Colombiana de Cultura. Popular;
9 (RLIN) 47976
Existencias
Estado de retiro Estado de pérdida Restricciones de uso No para préstamo Código de colección Localización permanente Ubicación/localización actual Ubicación en estantería Fecha de adquisición Número de inventario Total de préstamos Signatura topográfica completa Código de barras Fecha visto por última vez Precio válido a partir de Tipo de ítem Koha
      Excluido de préstamo Monografías: Libros y Folletos General General En catalogación 01.12.2010 LF1   xxx C355j 23296-10 25.06.2020 25.06.2020 No se presta

Con tecnología Koha